| 000 | 00000nam##2200000za#4500 |
| 001 | 9.648884 |
| 003 | CaOODSP |
| 005 | 20210615113354 |
| 007 | ta |
| 008 | 150407|2003||||xxc||||| f|0| 0 eng|d |
| 020 | |a0-662-34018-3 |
| 040 | |aCaOODSP|beng |
| 043 | |an-cn--- |
| 086 | 1 |aM91-23/7-2003E |
| 110 | 1 |aCanada.|bNatural Resources Canada. |bOffice of Energy Efficiency. |
| 245 | 10|aAir conditioning your home |
| 246 | 3 |aHome heating and cooling series |
| 260 | |aOttawa - Ontario : |bNatural Resources Canada. |c2003. |
| 300 | |a47p. : |bfigs., illus., tables ; |c22 cm. |
| 520 | 3 |aThe guides in this series explain how to save energy when heating and cooling a home. Air conditioning, heating and cooling with a heat pump, heating with gas, using a heat recovery ventilator, and other topics are discussed in simple, accessible language. |
| 563 | |aSoftcover |
| 590 | |a04-50|b2004-12-10 |
| 690 | 07|aHeating|2gcpds |
| 690 | 07|aHousing|2gcpds |
| 775 | 08|tClimatiser sa maison |w(CaOODSP)9.682140 |
| 776 | 0#|tAir conditioning your home |w(CaOODSP)9.687250 |